The Jews /

保存先:
書誌詳細
第一著者: Belloc, Hilaire, 1870-1953
フォーマット: 図書
言語:English
出版事項: Boston : Mifflin, 1937.
版:3rd ed.
主題:
LEADER 00812nam a2200241 a 4500
001 c000339857
003 CARM
005 20001008205745.0
008 830623s1937 mau 000 0 eng d
019 1 |a 2336862  |5 LACONCORD2021 
035 |a (OCoLC)3732616  |5 LACONCORD2021 
040 |a NUN:S  |b eng  |c NUN:S  |d ABN-SNR 
050 4 |a DS141  |b .B4 1937 
082 0 4 |a 323.11924  |2 19 
100 1 |a Belloc, Hilaire,  |d 1870-1953. 
245 1 4 |a The Jews /  |c by Hilaire Belloc. 
250 |a 3rd ed. 
260 |a Boston :  |b Mifflin,  |c 1937. 
300 |a lv, 308 p. ;  |c 19 cm. 
650 0 |a Jews. 
852 8 |b CARM  |h A1:AM04F0  |i B09200  |p 0424848  |f BK 
999 f f |i d9333527-538e-55ef-9f86-6c59ac7d4b97  |s f439f1f9-e29a-559e-aedf-94b20c727b54 
952 f f |p Can circulate  |a CAVAL  |b CAVAL  |c CAVAL  |d CARM 1 Store  |e B09200  |f A1:AM04F0  |h Other scheme  |i book  |m 0424848